|
ห้องสมุด วิทยาลัยพยาบาลบรมราชชนนี อุดรธานี
Boromarajonani College of Nursing, Udonthani
|


|
mysqli: Table './ulib2015/stat_globaluid' is marked as crashed and last (automatic?) repair failed
select id from stat_globaluid where statuid='20260418005937_2015'
mysqli: Table './ulib2015/stat_globaluid' is marked as crashed and last (automatic?) repair failed
DELETE FROM stat_globaluid
WHERE id NOT IN (
SELECT id
FROM (
SELECT id
FROM stat_globaluid
ORDER BY id DESC
LIMIT 100
) foo
);
mysqli: Table './ulib2015/stat_globaluid' is marked as crashed and last (automatic?) repair failed
insert into stat_globaluid set
statuid='20260418005937_2015',
dt='1776448777',
phpself='/ULIB/dublinfull.php',
agent='Mozilla/5.0 AppleWebKit/537.36 (KHTML, like Gecko; compatible; ClaudeBot/1.0; +claudebot@anthropic.com)',
yea='2026',
mon='4',
dat='18',
ip='216.73.216.55'
| LEADER 00000nam 2200000uu 4500 |
| 001 15055 |
| 003 ULIBM |
| 008 120719s1995||||th 000 0 eng d |
| 041 0 ^aeng
|
| 050 14 ^a160^bC341S^cc1995
|
| 060 4 ^a160^bC341S^cc1995
|
| 100 1 Carson J.
|
| 245 10 Stress and Coping in Mental Health Nursing /^cCarson J.
|
| 260 Englewood Cliffs, N.J. :^bPrentice-Hall,^cc1995
|
| 300 221 p.
|
| 504 Includes index
|
| 650 0 ELECTRONIC DATA PROCESSING^xDISTRIBUTED PROCESSING
|
| 650 0 MULTIPROCESSORS
|
| 650 0 REAL-TIME DATA PROCESSING
|
| 945 ^p0^l0^i642 |
| 999 ^aลิขิตลักษณ์
|
| คุณยังไม่ได้ล็อกอิน คุณสามารถมีกิจกรรมร่วมกับเว็บไซต์ได้ แต่ต้องล็อกอินก่อน :: |
|
| ลำดับที่ |
ประเภท |
เลขเรียก/บาร์โค้ด |
สถานที่ |
สถานะ |
| 1. |
 หนังสือการพยาบาล | 160 C341S c1995 Barcode: 642 | หนังสือทั่วไป | On Shelf |
| [แสดง 1/1 รายการ] |
mysqli: Can't create/write to file '/var/tmp/#sql_59d_0.MAI' (Errcode: 2)
select * from index_db where titl like '%Stress and Coping in Mental Health Nursing / Carson J.%' and mid<>'15055' order by rand() limit 3
mysqli: Can't create/write to file '/var/tmp/#sql_59d_0.MAI' (Errcode: 2)
select * from index_db where auth like '%Carson J.%' and mid<>'15055' order by rand() limit 3
mysqli: Can't create/write to file '/var/tmp/#sql_59d_0.MAI' (Errcode: 2)
select * from index_db where subj like '%ELECTRONIC DATA PROCESSING DISTRIBUTED PROCESSING%' and mid<>'15055' order by rand() limit 3
mysqli: Can't create/write to file '/var/tmp/#sql_59d_0.MAI' (Errcode: 2)
select * from index_db where subj like '%MULTIPROCESSORS%' and mid<>'15055' order by rand() limit 3
mysqli: Can't create/write to file '/var/tmp/#sql_59d_0.MAI' (Errcode: 2)
select * from index_db where subj like '%REAL-TIME DATA PROCESSING%' and mid<>'15055' order by rand() limit 3
|
ยังไม่เคยถูกคอมเมนท์
|
| คอมเมนท์ทรัพยากรรายการนี้ |
|